Museu Palau Mercader de Cornellà
Descripción Física:
[8] p. : il. ; 24 cm
Otros Autores:
Museu Palau Mercader
Materias:
Museu Palau Mercader -- Guies
MARC
| LEADER | 00000nam a2200000Ia 4500 | ||
|---|---|---|---|
| 001 | 24281 | ||
| 008 | 160829s9999 xx 000 0 cat d | ||
| 080 | |a FU-64-120 | ||
| 245 | |a Museu Palau Mercader de Cornellà | ||
| 260 | |a Cornellà de Llobregat : |b Ajuntament de Cornellà, s.a. | ||
| 300 | |a [8] p. : |b il. ; |c 24 cm | ||
| 590 | |a En la contracoberta: Ajuntament de Cornellà de Llobregat, Diputació de Barcelona | ||
| 650 | |a Museu Palau Mercader |x Guies |9 50182 | ||
| 700 | |a Museu Palau Mercader |9 50183 | ||
| 710 | 1 | |a Barcelona (Catalunya : Província). |b Diputació |9 52408 | |
| 710 | 1 | |a Cornellà de Llobregat (Catalunya). |b Ajuntament |9 54399 | |
| 901 | |a Arxiu | ||
| 942 | |n 1 | ||
| 952 | |0 0 |1 0 |4 0 |6 FU64120 |7 1 |9 55824 |a Arxiu |b Arxiu |d 2016-12-01 |l 0 |o FU-64-120 |p 24281 |r 2016-12-01 00:00:00 |w 2016-12-01 |y ARXIU | ||
| 999 | |c 59697 |d 59697 | ||